000 00270nam a2200121Ia 4500
008 190216s9999||||xx |||||||||||||| ||und||
100 _aMurali C
245 0 _aMalayalam-Imberto Ecko
260 _bDc Books Kottayam
300 _a99
650 _aMalayalam
942 _cBK
999 _c27934
_d27934